Bilecik Bilecik Bilecik Bilecik Bilecik

Antik sikkeler bilimi nümizmatik : (Record no. 40583)

MARC details
000 -BAŞLIK
Sabit Uzunluktaki Kontrol Alanı 01143nam a22003497a 4500
001 - KONTROL NUMARASI
Control Dosyası 0040717
003 - KONTROL NUMARASI KİMLİĞİ
Kontrol Alanı KOHA_MİRAKIL
005 - EN SON İŞLEM TARİHİ ve ZAMANI
Kontrol Alanı 20260207003211.0
007 - FİZİKSEL TANIM SABİT ALAN - GENEL BİLGİ
Sabit uzunluklu kontrol alanı ta
008 - SABİT UZUNLUKTAKİ VERİ ÖGELERİ - GENEL BİLGİ
Sabit Alan 130730b2002 tu a|||gr||||#||||0|tur |
020 ## - ISBN - ULUSLARARASI STANDART KİTAP NUMARASI
Isbn 9756561114
040 ## - KATALOGLAMA KAYNAĞI
Özgün Kataloglama Kurumu TR-BiSEU
Kataloglama Dili tur
Çeviri Kurumu TR-BiSEU
Açıklama Kuralları rda
041 0# - DİL KODU
Metin ya da ses kaydının dil kodu tur
044 ## - YAYINLAYAN/ÜRETEN KURULUŞUN ÜLKE KODU
ISO country code tu
050 ## - SINIFLAMA ve YER NUMARASI
Sınıflama Numarası CJ233
Yer Numarası .M67 2002
100 1# - KİŞİ ADI
Yazar Adı (Kişi adı) Morrisson, Cecile.
245 1# - ESER ADI BİLDİRİMİ
Başlık Antik sikkeler bilimi nümizmatik :
Alt Eseradı vb. genel bir bakış/
Sorumluluk Bildirimi Cecile Morrisson ; Cecile Morrisson ; çev. Zeynep Çizmeli Öğün.
264 #1 - ÜRERİM, YAYIN, DAĞITIM ve TELİF BİLDİRİMİ
Yayın yeri İstanbul :
Yayınlayan Arkeoloji ve Sanat
Yayın tarihi 2002
300 ## - FİZİKSEL TANIMLAMA
Sayfa, Cilt vb. 144 sayfa :
Diğer fiziki detaylar şek.; 22 cm.
336 ## - İÇERİK TÜRÜ
Content type term metin
Content type code txt
Source rdacontent
337 ## - MEDYA TÜRÜ
Media type term aracısız
Media type code n
Source rdamedia
338 ## - TAŞIYICI TÜRÜ
Carrier type term cilt
Carrier type code nc
Source rdacarrier
490 0# - DİZİ BİLDİRİMİ
Dizi Bildirimi Arkeoloji ve Sanat Yayınları.
490 0# - DİZİ BİLDİRİMİ
Dizi Bildirimi Antik Nümizmatik Dizisi 6.
650 #0 - KONU BAŞLIĞI EK GİRİŞ - KONU TERİMİ
Konusal terim veya coğrafi ad Sikkeler, Eski Çağ.
9 (RLIN) 75435
650 #0 - KONU BAŞLIĞI EK GİRİŞ - KONU TERİMİ
Konusal terim veya coğrafi ad Coins, Ancient.
9 (RLIN) 75436
650 #0 - KONU BAŞLIĞI EK GİRİŞ - KONU TERİMİ
Konusal terim veya coğrafi ad Madeni paralar, Eski Çağ.
9 (RLIN) 75437
650 #0 - KONU BAŞLIĞI EK GİRİŞ - KONU TERİMİ
Konusal terim veya coğrafi ad Numismatics, Ancient.
9 (RLIN) 75427
830 0# - SERİ EK GİRİŞİ - TEKBİÇİM ESER ADI
Tekbiçim Başlık Arkeoloji ve Sanat Yayınları.
9 (RLIN) 47270
830 0# - SERİ EK GİRİŞİ - TEKBİÇİM ESER ADI
Tekbiçim Başlık Antik Nümizmatik Dizisi 6.
9 (RLIN) 75438
942 ## - EK GİRİŞ ÖGELERİ (KOHA)
Source of classification or shelving scheme Library of Congress Classification
Koha item type Book
Holdings
Materyal Türü Kalıcı Konum Mevcut Konum Raf Yeri Sınıflandırma Kaynağı Edinim Bilgisi Ana Konular Alt Konular Yer Numarası Demirbaş Numarası Fatura Tarihi Maliyet, Alış Fiyatı Maliyet, Yenileme Fiyatı Geri Çekilme Durumu Kayıp Durumu Hasarlı Durumu Kredi için değil Kayıt Tarih Toplam Ödünçverme Son Görülme Tarihi Son Kontrol Tarihi Satın Alma Notu
Book Prof. Dr. Azmi Özcan Kütüphanesi Prof. Dr. Azmi Özcan Kütüphanesi Uluğbey Salonu Library of Congress Classification Satın TARİHE YARDIMCI BİLİMLER Nümizmatik (Para Bilimi) CJ233 .M67 2002 0040717 24/09/2013 13.85 13.85         30/07/2013 2 05/12/2024 05/12/2024 73291-73383 (92 sayfa)